000 00630nam a22001937a 4500
005 20240530110930.0
008 220214s2009 ua g 000 p ara d
017 _bمصر. دار الكتب
_a2009/3012
040 _aEG-CaGPL
_cEG-CaGPL
082 0 4 _221
_a811.054/
_bع ظ
100 0 _aعبدالعزيز موافى
245 1 0 _aظل العطر :
_bشعر /
_cعبدالعزيز موافى
250 _aط. 1
260 _aشبين الكوم :
_bالخماسين للتنمية الشاملة،
_c2009
300 _a127 ص. ؛
_c20 سم
650 0 7 _2qrmak
_aالشعر العربى
651 _2qrmak
942 _2ddc
_cBK
999 _c66636
_d66636